Kocham Cię - Statystyki

Ogólne statystyki
  • Ten quiz został rozwiązany 23 razy
  • Średni wynik to 9 z 12
Statystyki odpowiedzi
Hint Odpowiedź % Poprawnych
I love you Angielski
100%
Kocham cię Polski
100%
Te amo Hiszpański
91%
Je t’aime Francuski
86%
Ich liebe dich Niemiecki
86%
Ti amo Włoski
82%
Eu te amo Portugalski
68%
Wo ai ni Chiński
64%
S’agapo Grecki
59%
Szeretlek Węgierski
59%
Saranghae Koreański
36%
Te iubesc Rumuński
32%
Nie znaleziono quizów pasujących do podanych kryteriów
Rozkład punktacji
Procent ludzi z każdym wynikiem
Percentyl według liczby udzielonych odpowiedzi
Twoja historia wyników
Nie rozwiązałeś tego quizu